| 000 | 00965nam a22002777a 4500 | ||
|---|---|---|---|
| 001 | 8274 | ||
| 003 | FISKH | ||
| 005 | 20250905163212.0 | ||
| 008 | 250905b cb ||||| |||| 00| 0 eng d | ||
| 020 | _a9780385415354 | ||
| 040 |
_aFISKH _beng _cFISKH _dFISKH |
||
| 050 | _aPZ7.P27647 L | ||
| 082 | _a823.914 | ||
| 100 | _aPatterson, Geoffrey | ||
| 245 |
_aThe lion and the gypsy / _cBy Geoffrey Patterson |
||
| 260 |
_aLondon : _bDoubleday , _c1990. |
||
| 300 |
_a28 unnumbered pages : _bcolor illustrations ; _c28 cm . |
||
| 505 | _aJ | ||
| 520 | _aAttracted by his beautiful lute playing, a group of animals follows a traveling gypsy with great affection, even saving his life at a critical time. The story was inspired by Rousseau's painting "The Sleeping Gypsy." | ||
| 521 | 8 |
_a500
_bLexile estimate |
|
| 521 | 8 |
_aJ
_bRaz-Plus |
|
| 650 |
_aGypsics _vFiction |
||
| 650 |
_aAnimals _vFiction |
||
| 942 |
_2ddc _cBK _n0 |
||
| 999 |
_c8274 _d8274 |
||